00690nam a2200205Ia 450000500170000000800410001702000180005804000180007604100080009408200220010210000300012424501150015425000120026926000440028130000230032565000460034865000290039465000340042370000270045720220215102249.0210716s2009 xx 000 0 und d a9788131701881 cAIMIT LIBRARY aeng a658.802 21bKRIC aKrishnamacharyulu, C S G. aCases in rural marketing : ban integrated approach /cBy C. S. G. Krishnamacharyulu and Lalitha Ramakrishnan. a1st ed. aNew Delhi :bPearson Education ,c2009. aX, 264p. ;c24 cm. aMarketing analysis and information system aRural financing strategy aMarketing decision and models aRamakrishnan, Lalitha.